[Event "Concepcion Henriquez Memorial"]
[Site "Concepcion"]
[Date "2021.10.02"]
[Round "8"]
[White "Vidal Barra, Lucidoro Virgilio"]
[Black "Munoz Apolonio, Carlos David"]
[Result "0-1"]
[WhiteElo "1714"]
[BlackElo "1647"]
[PlyCount "66"]
[EventDate "2021.09.08"]
[EventType "tourn"]
[EventRounds "9"]
[EventCountry "CHI"]
[SourceTitle "EXT 2023"]
[Source "ChessBase"]
[SourceDate "2022.10.05"]
[SourceVersion "1"]
[SourceVersionDate "2022.10.05"]
[SourceQuality "1"]

1. g3 g6 2. Bg2 Bg7 3. Nh3 d5 4. f4 Nf6 5. Nf2 0-0 6. 0-0 Nc6 7. e3 h5 8. h3 e5 9. d4 exf4 10. gxf4 Ne7 11. Nd2 Nf5 12. Nf3 Ng3 13. Re1 Nfe4 14. Nd3 Bf5 15. Kh2 Bh6 16. h4 f6 17. Rg1 Bg4 18. Bh3 Bxh3 19. Kxh3 Qd7+ 20. Kh2 Nf5 21. Rxg6+ Kh7 22. Qg1 Rg8 23. Rg2 Rxg2+ 24. Qxg2 Rg8 25. Qf1 Rg3 26. Bd2 Nxh4 27. Nde5 Nxf3+ 28. Nxf3 Qg4 29. Be1 Rxf3 30. Qg2 Qxg2+ 31. Kxg2 Rxe3 32. Rc1 Bxf4 33. Bh4 Re2+ 0-1

[Event "Concepcion Henriquez Memorial"]
[Site "Concepcion"]
[Date "2021.09.24"]
[Round "7"]
[White "Mundaca Bermedo, Pia Ignacia"]
[Black "Vidal Barra, Lucidoro Virgilio"]
[Result "1-0"]
[WhiteElo "1483"]
[BlackElo "1714"]
[PlyCount "76"]
[EventDate "2021.09.08"]
[EventType "tourn"]
[EventRounds "9"]
[EventCountry "CHI"]
[SourceTitle "EXT 2023"]
[Source "ChessBase"]
[SourceDate "2022.10.05"]
[SourceVersion "1"]
[SourceVersionDate "2022.10.05"]
[SourceQuality "1"]

1. e4 Nf6 2. e5 Nd5 3. d4 d6 4. c4 Nb6 5. exd6 exd6 6. Bd3 Be7 7. Nf3 Bg4 8. 0-0 Nc6 9. Be2 0-0 10. b3 Bf6 11. Bb2 Qd7 12. Nbd2 Rae8 13. Rb1 Ne7 14. Ne4 d5 15. Nxf6+ gxf6 16. c5 Nbc8 17. Bc1 Kh8 18. Kh1 Rg8 19. b4 Qf5 20. Bb2 Ng6 21. Ng1 Nf4 22. f3 Bh5 23. g4 Qe6 24. Bb5 c6 25. Qd2 Qe3 26. Qxe3 Rxe3 27. Bc1 Bg6 28. Bxe3 Bxb1 29. Bxf4 cxb5 30. Rxb1 Ne7 31. Bg3 Nc6 32. Ne2 Re8 33. Nc3 Nxd4 34. Bh4 Kg7 35. Nxd5 Nxf3 36. Bxf6+ Kg6 37. Rf1 Nd2 38. Rf2 Ne4 1-0

[Event "Concepcion CC Mayor"]
[Site "Concepcion"]
[Date "2019.09.24"]
[Round "8"]
[White "Vidal Barra, Lucidoro Virgilio"]
[Black "Farfan Ortiz, Victor"]
[Result "0-1"]
[WhiteElo "1747"]
[BlackElo "2126"]
[PlyCount "100"]
[EventDate "2019.08.06"]
[EventType "tourn"]
[EventRounds "9"]
[EventCountry "CHI"]
[SourceTitle "CBM 195 Extra"]
[Source "ChessBase"]
[SourceDate "2020.05.31"]
[SourceVersion "1"]
[SourceVersionDate "2020.05.31"]
[SourceQuality "1"]

1. b3 c5 2. c4 Nc6 3. Bb2 Nf6 4. Nf3 d5 5. cxd5 Nxd5 6. Nc3 Nc7 7. g3 e5 8. Bg2 Be7 9. 0-0 0-0 10. Rc1 f6 11. Na4 b6 12. d4 exd4 13. Nxd4 Nxd4 14. Bxd4 cxd4 15. Rxc7 Qxc7 16. Bxa8 Rd8 17. Qd3 Bh3 18. Bg2 Bxg2 19. Kxg2 Qc6+ 20. Kg1 b5 21. Nb2 Qc3 22. Qb1 Ba3 23. Nd3 Rc8 24. Qa1 Kf7 25. Rd1 g5 26. Kf1 Re8 27. Qb1 Kg7 28. Ne1 Qc6 29. Nf3 g4 30. Ng1 Qc5 31. h3 h5 32. Qd3 Bb2 33. Qd2 Bc3 34. Qd3 Qe5 35. a3 a5 36. a4 b4 37. Qc4 Re7 38. Rd3 Rc7 39. Qa6 Qd5 40. f3 f5 41. fxg4 fxg4 42. Nf3 Rf7 43. hxg4 hxg4 44. Kg2 gxf3+ 45. Rxf3 Rxf3 46. exf3 d3 47. Qa7+ Kg6 48. Qb6+ Bf6 49. Qb8 d2 50. Qe8+ Kg7 0-1

[Event "Concepcion CC Mayor"]
[Site "Concepcion"]
[Date "2019.09.17"]
[Round "7"]
[White "Collao Olmos, Manuel"]
[Black "Vidal Barra, Lucidoro Virgilio"]
[Result "1/2-1/2"]
[WhiteElo "1681"]
[BlackElo "1747"]
[PlyCount "82"]
[EventDate "2019.08.06"]
[EventType "tourn"]
[EventRounds "9"]
[EventCountry "CHI"]
[SourceTitle "CBM 195 Extra"]
[Source "ChessBase"]
[SourceDate "2020.05.31"]
[SourceVersion "1"]
[SourceVersionDate "2020.05.31"]
[SourceQuality "1"]

1. e4 e6 2. d4 Nf6 3. Nd2 d5 4. Bd3 c5 5. c3 Nc6 6. e5 Nd7 7. Ne2 Qb6 8. Nf3 Be7 9. 0-0 f5 10. Nf4 Nf8 11. Nh5 Rg8 12. dxc5 Bxc5 13. b4 Be7 14. a4 h6 15. a5 Qc7 16. Re1 Nd8 17. Qb3 Bd7 18. Bd2 Rc8 19. Rac1 Qb8 20. c4 dxc4 21. Bxc4 Kf7 22. Nd4 Nc6 23. Nxf5 b5 24. Bd3 Ng6 25. f4 Kf8 26. Nxe7 Ncxe7 27. Be3 Nh4 28. Bc5 Ke8 29. Be4 Nhg6 30. Rc2 Nf8 31. Bd6 Rxc2 32. Bxb8 Rc4 33. Bxa7 Nc6 34. Bc5 Nxa5 35. Bxf8 Nxb3 36. Bd6 Kf7 37. g4 Nd2 38. Bg2 Rgc8 39. Bc5 Bc6 40. Rd1 Rc2 41. Bxc6 Rxc6 1/2-1/2

[Event "Concepcion CC Mayor"]
[Site "Concepcion"]
[Date "2019.09.10"]
[Round "6"]
[White "Vidal Barra, Lucidoro Virgilio"]
[Black "Caceres Leal, Jaime"]
[Result "0-1"]
[WhiteElo "1747"]
[BlackElo "2120"]
[PlyCount "62"]
[EventDate "2019.08.06"]
[EventType "tourn"]
[EventRounds "9"]
[EventCountry "CHI"]
[SourceTitle "CBM 195 Extra"]
[Source "ChessBase"]
[SourceDate "2020.05.31"]
[SourceVersion "1"]
[SourceVersionDate "2020.05.31"]
[SourceQuality "1"]

1. Nf3 c5 2. c4 g6 3. g3 Bg7 4. Bg2 e5 5. d3 Nc6 6. Nc3 Nge7 7. Bg5 h6 8. Bd2 d6 9. Nd5 Be6 10. e4 f5 11. a3 0-0 12. Qc2 fxe4 13. dxe4 Bg4 14. Qd3 Bxf3 15. Bxf3 Nd4 16. Bg2 Nxd5 17. cxd5 c4 18. Qc3 b5 19. Be3 a5 20. Rd1 Qc7 21. Rxd4 exd4 22. Bxd4 b4 23. Qe3 Bxd4 24. Qxd4 c3 25. 0-0 c2 26. Qd2 Rac8 27. Rc1 b3 28. Bh3 Qg7 29. Bxc8 Rxc8 30. Qf4 Qxb2 31. Qxh6 Qxc1+ 0-1

[Event "Concepcion CC Mayor"]
[Site "Concepcion"]
[Date "2019.08.20"]
[Round "3"]
[White "Alarcon Mondrus, Rodrigo"]
[Black "Vidal Barra, Lucidoro Virgilio"]
[Result "1-0"]
[WhiteElo "2119"]
[BlackElo "1747"]
[PlyCount "83"]
[EventDate "2019.08.06"]
[EventType "tourn"]
[EventRounds "9"]
[EventCountry "CHI"]
[SourceTitle "CBM 195 Extra"]
[Source "ChessBase"]
[SourceDate "2020.05.31"]
[SourceVersion "1"]
[SourceVersionDate "2020.05.31"]
[SourceQuality "1"]

1. c4 c5 2. Nc3 Nc6 3. g3 g6 4. Bg2 Bg7 5. e3 d6 6. Nge2 Nh6 7. d4 0-0 8. 0-0 Nf5 9. dxc5 dxc5 10. Qxd8 Rxd8 11. Rb1 Ne5 12. b3 Rb8 13. Ba3 b6 14. Rbd1 Ba6 15. Nd5 Bb7 16. Nxe7+ Nxe7 17. Rxd8+ Rxd8 18. Bxb7 Rd2 19. Nc1 Nf5 20. Re1 Nd6 21. Bd5 a5 22. Re2 Rd1+ 23. Kg2 Kf8 24. Rc2 Ng4 25. Bf3 Rxc1 26. Bxc1 Ne5 27. Be2 Ke7 28. Bb2 f6 29. Bxe5 fxe5 30. Bf3 e4 31. Bg4 Nf7 32. Rd2 Ne5 33. Be2 g5 34. h3 h6 35. Rd5 Nc6 36. Bg4 Ne5 37. Bf5 Bf6 38. Bxe4 Ke6 39. g4 Nc6 40. Bf5+ Ke7 41. Rd7+ Ke8 42. Rd6 1-0

[Event "Concepcion Lesly Memorial"]
[Site "Concepcion"]
[Date "2014.03.22"]
[Round "9"]
[White "Salgado Moscozo, Heraldo"]
[Black "Vidal Barra, Lucidoro Virgilio"]
[Result "1/2-1/2"]
[WhiteElo "2067"]
[BlackElo "1828"]
[PlyCount "69"]
[EventDate "2014.03.01"]
[EventType "tourn"]
[EventRounds "9"]
[EventCountry "CHI"]
[SourceTitle "EXT 2016"]
[Source "ChessBase"]
[SourceDate "2015.10.08"]
[SourceVersion "1"]
[SourceVersionDate "2015.10.08"]
[SourceQuality "1"]

1. d4 d5 2. c4 Nf6 3. cxd5 Nxd5 4. e4 Nb6 5. Nc3 g6 6. Be3 Bg7 7. Qd2 0-0 8. h4 c6 9. Rd1 e5 10. Bh6 Qf6 11. h5 exd4 12. Bxg7 Qxg7 13. Qxd4 Be6 14. Nf3 Bg4 15. hxg6 hxg6 16. Be2 Bxf3 17. gxf3 N8d7 18. f4 Rfd8 19. f5 Nf8 20. Qe3 Rxd1+ 21. Nxd1 Rd8 22. f3 Qd4 23. Qg5 Rd6 24. Rg1 Nc4 25. b3 Ne5 26. Qe3 Nd3+ 27. Bxd3 Qxd3 28. Qxd3 Rxd3 29. Ke2 Rd7 30. Nf2 Kg7 31. fxg6 Nxg6 32. Rd1 Rxd1 33. Kxd1 Nf4 34. Kd2 Kf6 35. Ke3 1/2-1/2

[Event "Concepcion Lesly Memorial"]
[Site "Concepcion"]
[Date "2014.03.15"]
[Round "8"]
[White "Vidal Barra, Lucidoro Virgilio"]
[Black "Ozimica Perez, Marcelo"]
[Result "0-1"]
[WhiteElo "1828"]
[BlackElo "1890"]
[PlyCount "60"]
[EventDate "2014.03.01"]
[EventType "tourn"]
[EventRounds "9"]
[EventCountry "CHI"]
[SourceTitle "EXT 2016"]
[Source "ChessBase"]
[SourceDate "2015.10.08"]
[SourceVersion "1"]
[SourceVersionDate "2015.10.08"]
[SourceQuality "1"]

1. d4 f5 2. Nf3 g6 3. c4 Bg7 4. Nc3 Nf6 5. d5 0-0 6. g3 d6 7. Bg2 e5 8. 0-0 Qe7 9. Qb3 Nbd7 10. a4 Nc5 11. Qa3 a5 12. Be3 b6 13. Bxc5 bxc5 14. Nb5 h6 15. Nd2 f4 16. e4 g5 17. h3 h5 18. Rfe1 Rf7 19. Qc3 Nh7 20. Nb3 g4 21. h4 Bf6 22. Nxa5 Bxh4 23. Nc6 Qf6 24. gxh4 Qxh4 25. Nxe5 dxe5 26. Qxe5 g3 27. f3 Ng5 28. Kf1 Bh3 29. Re2 Bxg2+ 30. Rxg2 Qh1+ 0-1